| 000 | 00544nam a22001817a 4500 | ||
|---|---|---|---|
| 005 | 20230608064956.0 | ||
| 008 | 230117b |||||||| |||| 00| 0 eng d | ||
| 020 | _a978-971-9617-10-5 | ||
| 082 | _aFil. 641.5 F634 2014 | ||
| 100 |
_aFlores, Eva N. _eauthor |
||
| 245 |
_aExperimental cookery and food preservation / _cEva Nebril-Flores |
||
| 260 |
_aQuezon City: _bWiseman's Book Trading, _cc2014. |
||
| 300 |
_aix, 241p.; _bill. |
||
| 504 | _aIncludes bibliographies | ||
| 541 | _e5286 | ||
| 650 | _aCooking | ||
| 650 | _aFood - Preservation | ||
| 999 |
_c554 _d554 |
||